000
00286nam a2200109Ia 4500
008
240109s9999 xx 000 0 und d
041
_a
eng
100
_a
L.R.Jauch / W.F Glueck
245
_a
Business Policy and Strategic Management
260
_b
M.G.H Newyork
650
_a
Management
999
_c
1020548
_d
1020548